000 00790aam a2200277 i 4500
999 _c45296
_d45296
001 18896
003 CO-MdFUSB
005 20180622072503.0
008 170915b1988 ck ||||| |||| 00| 0 spa d
020 _a9586146189
040 _aCO-MdFUSB
_bspa
_cCO-MdFUSB
_dCO-MdFUSBC
_erda
041 0 _aspa
082 _222
_a869.342
_bC672
100 1 _aCoelho, Paulo
_eautor
245 1 0 _aEl alquimista :
_buna novela sobre los sueños y el destino
_c/ Paulo Coelho ; Traducido por Juan Godo Costa
264 1 _aBogotá :
_bPlaneta,
_c[1988]
264 4 _c1988-1997
300 _a233 páginas
_c: 24 cm.
336 _2rdacontent
_a1
_ba1
337 _2rdamedia
_a2
_b5
338 _2rdacarrier
_a2
_b5
501 _arústico
563 _aRústico
653 _aNovela Brasileña
942 _cBK